[Event "ESP-ch U14 rapid"]
[Site "Salobrena"]
[Date "2024.07.21"]
[Round "9"]
[White "Mallorqui Llop, Marc"]
[Black "Jimenez Carrazoni, Marta Elena"]
[Result "1/2-1/2"]
[WhiteElo "1897"]
[BlackElo "1884"]
[PlyCount "35"]
[EventDate "2024.07.20"]
[EventType "swiss (rapid)"]
[EventRounds "9"]
[EventCountry "ESP"]
[SourceTitle "CB31_2024"]
[SourceDate "2024.07.31"]
[SourceVersion "1"]
[SourceVersionDate "2024.07.31"]
[SourceQuality "1"]

1. e4 c6 2. d4 d5 3. exd5 cxd5 4. Bd3 Nc6 5. c3 Qc7 6. Ne2 Bg4 7. f3 Bd7 8. Bf4 e5 9. dxe5 Nxe5 10. 0-0 Bd6 11. Bc2 Nf6 12. Nd2 Ng8 13. Nb1 Nf6 14. Nd2 Ng8 15. Nb1 Nf6 16. Nd2 Ng8 17. Nb1 Nf6 18. Nd2 1/2-1/2

[Event "ESP-ch U14 rapid"]
[Site "Salobrena"]
[Date "2024.07.21"]
[Round "8"]
[White "Mata Medina, Andres"]
[Black "Mallorqui Llop, Marc"]
[Result "0-1"]
[WhiteElo "1835"]
[BlackElo "1897"]
[PlyCount "136"]
[EventDate "2024.07.20"]
[EventType "swiss (rapid)"]
[EventRounds "9"]
[EventCountry "ESP"]
[SourceTitle "CB31_2024"]
[SourceDate "2024.07.31"]
[SourceVersion "1"]
[SourceVersionDate "2024.07.31"]
[SourceQuality "1"]

1. Nf3 d5 2. g3 Nf6 3. Bg2 e6 4. 0-0 Be7 5. d4 0-0 6. c3 Nbd7 7. Nfd2 c5 8. dxc5 Nxc5 9. b4 Ncd7 10. e4 Qc7 11. Bb2 Rd8 12. Qe2 Nb6 13. a4 Bd7 14. e5 Ne8 15. a5 Na4 16. Nf3 Nxb2 17. Qxb2 Rac8 18. Re1 Bb5 19. Nd4 Bd3 20. Re3 Bg6 21. Nb5 Qd7 22. N1a3 a6 23. Nd4 Nc7 24. f4 Nb5 25. Naxb5 axb5 26. Bf1 h5 27. Bxb5 Qc7 28. Bd3 Qxc3 29. Qxc3 Rxc3 30. Rd1 Bxb4 31. Nb5 Rxd3 32. Rexd3 Bxd3 33. Rxd3 Bxa5 34. Nd6 b6 35. Nb7 Rb8 36. Nxa5 bxa5 37. Ra3 Rb5 38. Kg2 Kh7 39. Kh3 Kg6 40. Kh4 d4 41. h3 Rd5 42. Rd3 a4 43. g4 hxg4 44. hxg4 f6 45. exf6 gxf6 46. Kg3 e5 47. fxe5 fxe5 48. Kf3 Kg5 49. Ke4 Ra5 50. Ra3 Kxg4 51. Ra1 a3 52. Rg1+ Kh5 53. Kf5 Kh6 54. Kf6 Kh7 55. Kf7 Ra7+ 56. Kf6 e4 57. Kf5 e3 58. Ke4 a2 59. Ra1 Ra4 60. Kd3 Kg6 61. Kc2 Kf5 62. Kb3 Ra8 63. Kc4 Ke4 64. Kb3 d3 65. Kc3 e2 66. Kd2 Ra3 67. Ke1 Kf3 68. Rxa2 d2+ 0-1

[Event "ESP-ch U14 rapid"]
[Site "Salobrena"]
[Date "2024.07.21"]
[Round "6"]
[White "Vecillas Rey, Daniel"]
[Black "Mallorqui Llop, Marc"]
[Result "0-1"]
[WhiteElo "1762"]
[BlackElo "1897"]
[PlyCount "116"]
[EventDate "2024.07.20"]
[EventType "swiss (rapid)"]
[EventRounds "9"]
[EventCountry "ESP"]
[SourceTitle "CB31_2024"]
[SourceDate "2024.07.31"]
[SourceVersion "1"]
[SourceVersionDate "2024.07.31"]
[SourceQuality "1"]

1. e4 c5 2. Nf3 g6 3. d4 cxd4 4. Nxd4 Nc6 5. c4 Nf6 6. Nc3 d6 7. Be2 Nxd4 8. Qxd4 Bg7 9. 0-0 0-0 10. Qd3 Be6 11. Be3 Nd7 12. b3 Nc5 13. Qd2 Qa5 14. Rac1 Bxc3 15. Qxc3 Qxc3 16. Rxc3 Nxe4 17. Rcc1 Nc5 18. Bf3 a5 19. Bxc5 dxc5 20. Bxb7 Rab8 21. Bc6 Rfd8 22. Rfd1 Kg7 23. Kf1 Bf5 24. Rd5 Rbc8 25. Rcd1 Rxd5 26. Bxd5 Rd8 27. Bf3 Rxd1+ 28. Bxd1 Kf6 29. Ke2 Ke5 30. Ke3 Bd7 31. f4+ Kd6 32. Bc2 f5 33. g3 e5 34. fxe5+ Kxe5 35. h4 h6 36. Bd1 g5 37. hxg5 hxg5 38. Bf3 Be8 39. a3 Bg6 40. Kd2 Kd4 41. Bd1 f4 42. gxf4 gxf4 43. Be2 Be4 44. Bf1 Bf5 45. Be2 Be4 46. Bf1 Bc6 47. Be2 Bg2 48. Bg4 f3 49. Bh5 f2 50. Be2 f1Q 51. Bxf1 Bxf1 52. b4 axb4 53. axb4 cxb4 54. c5 Kxc5 55. Kc2 Kc4 56. Kb2 b3 57. Kc1 Kc3 58. Kb1 b2 0-1

[Event "Llinars del Valles op 4th"]
[Site "Llinars del Valles"]
[Date "2024.07.02"]
[Round "8"]
[White "Mallorqui Llop, Marc"]
[Black "Siegel, Adam"]
[Result "0-1"]
[WhiteElo "1899"]
[BlackElo "2037"]
[PlyCount "84"]
[EventDate "2024.06.25"]
[EventType "swiss"]
[EventRounds "9"]
[EventCountry "ESP"]
[SourceTitle "CB28_2024"]
[SourceDate "2024.07.10"]
[SourceVersion "1"]
[SourceVersionDate "2024.07.10"]
[SourceQuality "1"]

1. e4 c5 2. Nc3 e6 3. f4 a6 4. Nf3 d5 5. d3 Nc6 6. g3 b5 7. Bg2 Bb7 8. 0-0 Nf6 9. e5 Nd7 10. Ng5 Be7 11. Nxe6 fxe6 12. Qg4 g6 13. Qxe6 Nd4 14. Qh3 Nb6 15. e6 0-0 16. g4 b4 17. f5 bxc3 18. Bh6 g5 19. Bxf8 Qxf8 20. bxc3 Ne2+ 21. Kh1 Na4 22. Qf3 Nf4 23. Rab1 Bc6 24. d4 cxd4 25. cxd4 Rc8 26. Qe3 Nxg2 27. Kxg2 Bb5 28. Rxb5 axb5 29. Qe5 Bf6 30. Qxd5 Nc3 31. Qb3 Qd6 32. e7+ Qd5+ 33. Kg3 Qxb3 34. cxb3 Nd5 35. Re1 Kf7 36. a4 bxa4 37. bxa4 Nxe7 38. a5 Ra8 39. h4 gxh4+ 40. Kf4 h6 41. Ra1 Bxd4 42. Rh1 Bf6 0-1

[Event "Llinars del Valles op 4th"]
[Site "Llinars del Valles"]
[Date "2024.06.27"]
[Round "3"]
[White "Barrera Baucells, Grau"]
[Black "Mallorqui Llop, Marc"]
[Result "1-0"]
[WhiteElo "1734"]
[BlackElo "1899"]
[PlyCount "46"]
[EventDate "2024.06.25"]
[EventType "swiss"]
[EventRounds "9"]
[EventCountry "ESP"]
[SourceTitle "CB28_2024"]
[SourceDate "2024.07.10"]
[SourceVersion "1"]
[SourceVersionDate "2024.07.10"]
[SourceQuality "1"]

1. e4 c5 2. Nc3 g6 3. d4 cxd4 4. Qxd4 Nf6 5. Be3 Nc6 6. Qd2 Bg7 7. f3 0-0 8. 0-0-0 a6 9. Nge2 b5 10. Bh6 Qa5 11. Bxg7 Kxg7 12. Kb1 e6 13. Nf4 b4 14. Nce2 d5 15. exd5 exd5 16. Nd4 Bb7 17. h4 Ne5 18. b3 Qb6 19. h5 a5 20. hxg6 Nxg6 21. Nxg6 fxg6 22. Bb5 a4 23. bxa4 Ba6 1-0

[Event "Santa Eugenia op 17th"]
[Site "Santa Eugenia"]
[Date "2023.08.04"]
[Round "9"]
[White "Mallorqui Llop, Marc"]
[Black "Muratet Casadevall, Albert"]
[Result "1/2-1/2"]
[WhiteElo "1667"]
[BlackElo "2064"]
[PlyCount "69"]
[EventDate "2023.07.31"]
[EventType "swiss"]
[EventRounds "9"]
[EventCountry "ESP"]
[SourceTitle "CBM 215 Extra"]
[Source "ChessBase"]
[SourceDate "2023.09.30"]
[SourceVersion "1"]
[SourceVersionDate "2023.09.30"]
[SourceQuality "1"]

1. e4 Nf6 2. e5 Nd5 3. c4 Nb6 4. d4 d6 5. exd6 cxd6 6. Nc3 g6 7. Be3 Bg7 8. Rc1 0-0 9. b3 Bf5 10. Be2 a5 11. Nf3 Na6 12. 0-0 Rc8 13. c5 dxc5 14. Bxa6 bxa6 15. dxc5 Nd7 16. Na4 Be4 17. Nb6 Nxb6 18. Qxd8 Rfxd8 19. cxb6 Bxf3 20. gxf3 Be5 21. Rxc8 Rxc8 22. Rd1 e6 23. f4 Bb8 24. b7 Re8 25. Rd7 h5 26. Bb6 Kg7 27. Bd4+ Kg8 28. Bb6 Kg7 29. Bxa5 Bxf4 30. Rc7 Rb8 31. Rd7 g5 32. Bb6 Kf6 33. Ba7 Re8 34. Rd4 Bb8 35. Bxb8 1/2-1/2

[Event "Santa Eugenia op 17th"]
[Site "Santa Eugenia"]
[Date "2023.08.02"]
[Round "6"]
[White "Mallorqui Llop, Marc"]
[Black "Garcia Garrido, Ferran"]
[Result "0-1"]
[WhiteElo "1667"]
[BlackElo "1734"]
[PlyCount "74"]
[EventDate "2023.07.31"]
[EventType "swiss"]
[EventRounds "9"]
[EventCountry "ESP"]
[SourceTitle "CBM 215 Extra"]
[Source "ChessBase"]
[SourceDate "2023.09.30"]
[SourceVersion "1"]
[SourceVersionDate "2023.09.30"]
[SourceQuality "1"]

1. e4 c5 2. Nc3 e6 3. f4 d6 4. Nf3 a6 5. g3 b5 6. Bg2 Bb7 7. d3 Qc7 8. 0-0 Nc6 9. f5 Nf6 10. Bf4 b4 11. Ne2 e5 12. Be3 Be7 13. h3 Nd4 14. c3 Nxf3+ 15. Bxf3 d5 16. exd5 Nxd5 17. Bd2 0-0 18. Rc1 Qb6 19. c4 Nf6 20. g4 Rad8 21. g5 Ne8 22. Bxb7 Qxb7 23. f6 gxf6 24. gxf6 Bxf6 25. Bh6 Bg7 26. Bxg7 Nxg7 27. Ng3 Kh8 28. Rf6 Rg8 29. Kh2 Qc7 30. Qf3 Rd7 31. Rf1 e4 32. Qf4 Qxf4 33. R6xf4 exd3 34. Rxf7 Rxf7 35. Rxf7 Ne6 36. Rd7 Nd4 37. Ne4 Nf3+ 0-1

[Event "Santa Eugenia op 17th"]
[Site "Santa Eugenia"]
[Date "2023.08.02"]
[Round "5"]
[White "Mayor Sanchez, Angel"]
[Black "Mallorqui Llop, Marc"]
[Result "1/2-1/2"]
[WhiteElo "2046"]
[BlackElo "1667"]
[PlyCount "50"]
[EventDate "2023.07.31"]
[EventType "swiss"]
[EventRounds "9"]
[EventCountry "ESP"]
[SourceTitle "CBM 215 Extra"]
[Source "ChessBase"]
[SourceDate "2023.09.30"]
[SourceVersion "1"]
[SourceVersionDate "2023.09.30"]
[SourceQuality "1"]

1. d4 e5 2. dxe5 d6 3. exd6 Bxd6 4. Nf3 Nc6 5. e3 Bg4 6. Be2 Qe7 7. c3 0-0-0 8. Qa4 Nf6 9. Nbd2 Kb8 10. 0-0 Ne5 11. Qc2 h5 12. Re1 Nxf3+ 13. Bxf3 Qe5 14. Nf1 Bxf3 15. gxf3 Qg5+ 16. Kh1 h4 17. e4 Qg6 18. Ne3 Qh5 19. Qe2 Qe5 20. Nf1 Nh5 21. Qe3 Qf6 22. e5 Bxe5 23. Qxe5 Qxf3+ 24. Kg1 Qg4+ 25. Kh1 Qf3+ 1/2-1/2

[Event "Santa Eugenia op 17th"]
[Site "Santa Eugenia"]
[Date "2023.07.31"]
[Round "2"]
[White "Mallorqui Llop, Marc"]
[Black "Molina Carretero, Daniel"]
[Result "1/2-1/2"]
[WhiteElo "1667"]
[BlackElo "2189"]
[PlyCount "28"]
[EventDate "2023.07.31"]
[EventType "swiss"]
[EventRounds "9"]
[EventCountry "ESP"]
[SourceTitle "CBM 215 Extra"]
[Source "ChessBase"]
[SourceDate "2023.09.30"]
[SourceVersion "1"]
[SourceVersionDate "2023.09.30"]
[SourceQuality "1"]

1. e4 c5 2. Nc3 Nc6 3. f4 g6 4. Nf3 Bg7 5. Bb5 Nd4 6. 0-0 e6 7. e5 Ne7 8. Nxd4 cxd4 9. Ne4 0-0 10. Bd3 d5 11. exd6 Nf5 12. b3 Qa5 13. a4 b5 14. Bxb5 Bb7 1/2-1/2